US Airports - Statistics

General Stats
  • This quiz has been taken 33 times
  • The average score is 12 of 20
Answer Stats
Hint Answer % Correct
Busiest Airport/Delta Headquarters Atlanta Hartsfield-Jackson
100%
Named after an assassinated US President New York John F. Kennedy
86%
Busiest on the Western Coast Los Angeles
82%
American & United Hub Chicago O'hare
75%
Alaska Airlines Hub Seattle-Tacoma
75%
Southwest Focus city near SFO Oakland
71%
American Airlines Hub in the capital Washington Ronald Reagan
71%
Fedex Hub Memphis
68%
The two before mentioned it San Francisco
64%
Southwest Focus city near the previous 2 Baltimore-Washington
61%
Major Jetblue Hub Boston
57%
Another airport near SFO where Southwest is the biggest airline there San Jose Mineta
57%
United Hub near the previous Washington Dulles
57%
Southwest Headquarters Dallas Love Field
50%
Got a brand new Terminal in 2022 in which Jetblue/International flights were moved there Orlando
50%
2nd Busiest in the US/also in the 3rd column Dallas Fort Worth
46%
Regional Airport in Utah where Breeze flies to Provo
43%
Hit by a tornado in 2011 St. Louis Lambert
25%
Columbus ___________ (where Allegiant flies to) Rickenbacker
21%
Oldest airport in the world College Park
14%
No matching quizzes found
Score Distribution
Percent of People with Each Score
Percentile by Number Answered
Your Score History
You have not taken this quiz